Prueba de Tanzania - Estadísticas

Estadísticas generales
  • Esta prueba ha sido intentada 722 veces
  • La puntuación promedio es 17 de 23
Estadísticas de respuestas
Pista Respuesta % Correcto
Pais limítrofe Kenia
95%
Pais limítrofe Mozambique
93%
País europeo que colonizó Tanzania Reino Unido
93%
Pais limítrofe Ruanda
91%
Pais limítrofe Uganda
91%
Idioma oficial de facto Inglés
88%
Pais limítrofe República Democrática del Congo
88%
Pais limítrofe Burundi
87%
Pais limítrofe Zambia
87%
País europeo que colonizó Tanzania Alemania
86%
La montaña más alta Kilimanjaro
85%
Pais limítrofe Malaui
85%
Uno de los tres mayores lagos limítrofes Lago Victoria
82%
La isla que fue brevemente un país independiente Zanzíbar
76%
Capital Dodoma
72%
Uno de los tres mayores lagos limítrofes Lago Malaui
65%
El sector más grande de la economía de Tanzanía Agricultura
64%
Idioma oficial de facto Suajili
62%
La ciudad más poblada Dar es-Salam
58%
El Gran Lago que bordea Tanzania Lago Tanganica
44%
Tribu cuya vida se centra en el pastoreo de ganado Masái
39%
El lengua histórico de la respuesta anterior Árabe
35%
La región norte, principalmente pastizales, que es famosa por la migración de los ñus Serengueti
33%
No se encontraron pruebas coincidentes
Distribución de puntuación
Porcentaje de gente con cada puntuación
Porcentaje por número respondido
Historial de tus puntuaciones
No has intentado esta prueba.